000
00321nam a2200133 a 4500
005
20140414093834.0
008
030611s19uu xx 00 eng d
050
_a
VCD 791.43
_b
Sha 1999
245
_a
Shakespeare in Love.
500
_a
(2 CD's inside)
650
_a
Motion pictures.
942
_c
AVM
999
_c
108909
_d
108909